书目信息 |
| 书名: | Jump Into Jazz | |
| 作者: | Jazz Jump Into. | |
| 分册号: | ||
| 分册名: | 出版地: | London : |
|
| 出版社: | Mayfield Publishing Company | |
| 出版时间: | 1996. | |
| 页数: | 208 p. ; | |
| 开本: | 24cm. | |
| 丛书名: | ||
| 中图分类号: | ||
| 科图分类号: | ||
| 其他分类号: | J732.9 | |
| 主题词: | ||
| 电子资源: | ||
| 000 | 00468nam 2200157 a 4500 | |
| 001 | E0457583543 | |
| 005 | 2004121515594355 | |
| 008 | 041215s1996 00010 eng | |
| 020 | @a1-55934-549-7 :@c12.00CNY. | |
| 040 | @aPFT@beng | |
| 090 | @aJ732.9 | |
| 099 | @dJ732.9@eK89 | |
| 245 | @aJump Into Jazz :@bA Primer for thebeginning Jazz Dance Student / @cJazz Jump Into. | |
| 250 | @a3th.ed. | |
| 260 | @aLondon :@bMayfield Publishing Company,@c1996. | |
| 300 | @a208 p. ;@c24cm. | |
| Jump Into Jazz : : A Primer for thebeginning Jazz Dance Student / / Jazz Jump Into.-3th.ed.-London : : Mayfield Publishing Company, , 1996. |
| 208 p. ; ; 24cm. |
| ISBN 1-55934-549-7 :12.00CNY. |
| ● |
| 相关链接 |
|
|
|
正题名:Jump Into Jazz
索取号:J732.9/K89
 
预约/预借
| 序号 | 登录号 | 条形码 | 馆藏地/架位号 | 状态 | 备注 |
| 1 | 04429 | 300044299 | 社科库309/309社科库 992排2列3层/ [索取号:J732.9/K89] | 在馆 | |
| 2 | 04430 | 300044306 | 社科库309/309社科库 992排2列3层/ [索取号:J732.9/K89] | 在馆 |